Normal view
MARC view
- Kranzusch, Ray F
Entry Personal Name
001 - CONTROL NUMBER
- control field: 45014
003 - CONTROL NUMBER IDENTIFIER
- control field: NUST
005 - DATE AND TIME OF LATEST TRANSACTION
- control field: 20210314133130.0
008 - FIXED-LENGTH DATA ELEMENTS
- fixed length control field: 210314|| aca||aabn | a|a d
040 ## - CATALOGING SOURCE
- Original cataloging agency: NUST
- Transcribing agency: NUST
100 ## - HEADING--PERSONAL NAME
- Personal name: Kranzusch, Ray F
670 ## - SOURCE DATA FOUND
- Source citation: Work cat.: (NUST): Tustison, Francis Elwood, 45013, Metalwork essentials, 1936.
